000 00601nam a2200205Ia 4500
005 20250923150041.0
008 008 250917s9999 xx 000 0 eng d
037 _aTextual
040 _aDSWL
_beng
_cDSWL
041 _aeng
_2eng
084 _aY:45:62.2, N98
_qDSWL
100 _aBedi, Kiran
_9841684
245 0 _aIt is always possible : Transforming due of the largest prisons in the World
_c by Kiran Bedi
260 _aNew Delhi
_bSterling
_c1998
300 _a400 p.
365 _aINR
_b450
925 _g450
942 _cTEXL
_hY:45:62.2, N98
999 _c1458993
_d1458993